Tokyo/Toei Subway stations not in Tokyo - Statistics

General Stats
  • This quiz has been taken 43 times
  • The average score is 6 of 8
Answer Stats
Prefecture Station % Correct
Chiba Nishi-Funabashi
97%
Saitama Wakoshi
86%
Chiba Urayasu
83%
Chiba Baraki-Nakayama
81%
Chiba Minami Gyotoku
75%
Chiba Gyotoku
72%
Chiba Myoden
72%
Chiba Motoyawata
69%
No matching quizzes found
Score Distribution
Percent of People with Each Score
Percentile by Number Answered
Your Score History
You have not taken this quiz